Serie documentos de trabajo CASEN 1990
Salvato in:
| Ente Autore: | |
|---|---|
| Natura: | Libro |
| Lingua: | spagnolo |
| Pubblicazione: |
Santiago
MIDEPLAN
1991
|
| Serie: | Documentos Sociales
|
| Soggetti: | |
| Tags: |
Aggiungi Tag
Nessun Tag, puoi essere il primo ad aggiungerne!!
|
MARC
| LEADER | 00000nam a2200000 a 4500 | ||
|---|---|---|---|
| 001 | UCX7497 | ||
| 003 | CL-VaPUC | ||
| 008 | 931213e19910000CL |||||||||||||||||spa|d | ||
| 082 | 0 | 4 | |a 379.83 |b MIN |2 21 |
| 110 | 2 | |a Ministerio de Planificación y Cooperación |e author |9 324359 | |
| 245 | 1 | 0 | |a Serie documentos de trabajo CASEN 1990 |
| 246 | 1 | 0 | |a Indicadores de la situación educacional en Chile: noviembre 1991 |
| 300 | |a 43 h | ||
| 942 | |c BK | ||
| 945 | |d 19931213 00:00:00 |a mfernand | ||
| 260 | |a Santiago |b MIDEPLAN |c 1991 | ||
| 650 | 7 | |a ESTADISTICA EDUCACIONAL |2 CL-VaPUC |9 267439 | |
| 650 | 0 | |a Analfabetismo |9 324360 | |
| 651 | 7 | |a CHILE |2 CL-VaPUC |9 324361 | |
| 583 | |a last modification |c 20170911 03:26:47 |k Rodrigo Vera | ||
| 490 | 0 | |a Documentos Sociales | |
| 999 | |c 227304 |d 227302 | ||
| 952 | |0 0 |1 0 |4 0 |6 379_830000000000000_MIN_1991 |7 0 |8 A |9 226227 |a BIBENE |b BIBENE |d 2019-11-15 |i 2947897 |o 379.83 MIN 1991 |p 2947897 |r 2025-01-15 |w 2019-11-15 |y BK |k ICO | ||
| 952 | |0 0 |1 0 |4 0 |6 379_830000000000000_MIN_1991 |7 0 |8 P |9 226228 |a BIBEDU |b BIBEDU |c BIBEDU_PB |d 2019-11-15 |i 3564444 |o 379.83 MIN 1991 |p 3564444 |r 2024-01-25 |w 2019-11-15 |y BK |k BME | ||
| 952 | |0 0 |1 0 |4 0 |6 379_830000000000000_MIN_1991 |7 0 |8 P |9 226229 |a BIBEDU |b BIBEDU |c BIBEDU_PB |d 2019-11-15 |i 3564452 |o 379.83 MIN 1991 |p 3564452 |r 2024-01-25 |w 2019-11-15 |y BK |k BME | ||